Mergers, acquisitions, and other restructuring activities : (Record no. 23177)
[ view plain ]
| 000 -LEADER | |
|---|---|
| fixed length control field | 01165cam a22003255a 4500 |
| 001 - CONTROL NUMBER | |
| control field | 18267734 |
| 005 - DATE AND TIME OF LATEST TRANSACTION | |
| control field | 20161117130520.0 |
| 008 - FIXED-LENGTH DATA ELEMENTS--GENERAL INFORMATION | |
| fixed length control field | 140814s2015 caua frdb 001 0 eng d |
| 010 ## - LIBRARY OF CONGRESS CONTROL NUMBER | |
| LC control number | 2014030319 |
| 020 ## - INTERNATIONAL STANDARD BOOK NUMBER | |
| International Standard Book Number | 0128013907 |
| 020 ## - INTERNATIONAL STANDARD BOOK NUMBER | |
| International Standard Book Number | 9780128013908 |
| 040 ## - CATALOGING SOURCE | |
| Original cataloging agency | DLC |
| Language of cataloging | eng |
| Transcribing agency | DLC |
| Modifying agency | EG-ScBUE |
| 042 ## - AUTHENTICATION CODE | |
| Authentication code | pcc |
| 082 04 - DEWEY DECIMAL CLASSIFICATION NUMBER | |
| Edition number | 22 |
| Classification number | 658.16 |
| Item number | DEP |
| 100 1# - MAIN ENTRY--PERSONAL NAME | |
| Personal name | DePamphilis, Donald M. |
| 9 (RLIN) | 38960 |
| 245 10 - TITLE STATEMENT | |
| Title | Mergers, acquisitions, and other restructuring activities : |
| Remainder of title | An integrated approach to process, tools, cases, and solutions / |
| Statement of responsibility, etc | Donald M. DePamphilis |
| 250 ## - EDITION STATEMENT | |
| Edition statement | 8th ed. |
| 260 ## - PUBLICATION, DISTRIBUTION, ETC. (IMPRINT) | |
| Place of publication, distribution, etc | San Diego, California : |
| Name of publisher, distributor, etc | Academic Press / Elsevier Inc., |
| Date of publication, distribution, etc | c.2015. |
| 300 ## - PHYSICAL DESCRIPTION | |
| Extent | xxiv, 758 p. : |
| Other physical details | ill. ; |
| Dimensions | 24 cm. |
| 500 ## - GENERAL NOTE | |
| General note | Glossary : p. 723-729. |
| 500 ## - GENERAL NOTE | |
| General note | Index : p. 731-758. |
| 504 ## - BIBLIOGRAPHY, ETC. NOTE | |
| Bibliography, etc | Bibliography : p. 693-722. |
| 590 ## - LOCAL NOTE (RLIN) | |
| Local note | Wessam |
| 650 #7 - SUBJECT ADDED ENTRY--TOPICAL TERM | |
| Topical term or geographic name as entry element | Consolidation and merger of corporations. |
| Source of heading or term | BUEsh |
| 9 (RLIN) | 36487 |
| 650 #7 - SUBJECT ADDED ENTRY--TOPICAL TERM | |
| Topical term or geographic name as entry element | Organizational change |
| Source of heading or term | BUEsh |
| 9 (RLIN) | 31019 |
| General subdivision | Management. |
| 650 #7 - SUBJECT ADDED ENTRY--TOPICAL TERM | |
| Topical term or geographic name as entry element | Consolidation and merger of corporations. |
| 9 (RLIN) | 36487 |
| 650 #7 - SUBJECT ADDED ENTRY--TOPICAL TERM | |
| Topical term or geographic name as entry element | Corporate reorganizations |
| 9 (RLIN) | 41664 |
| General subdivision | Management. |
| 651 ## - SUBJECT ADDED ENTRY--GEOGRAPHIC NAME | |
| Source of heading or term | BUEsh |
| 942 ## - ADDED ENTRY ELEMENTS (KOHA) | |
| Source of classification or shelving scheme | Dewey Decimal Classification |
| Edition | 22 |
| Call number prefix | 658.16 DEP |
| Withdrawn status | Item status | Source of classification or shelving scheme | Damaged status | Not for loan | Vendor | Home library | Current library | Shelving location | Date acquired | Source of acquisition | Cost, normal purchase price | Serial Enumeration / chronology | Total Checkouts | Full call number | Barcode | Date last seen | Cost, replacement price | Koha item type |
|---|---|---|---|---|---|---|---|---|---|---|---|---|---|---|---|---|---|---|
| Dewey Decimal Classification | Baccah | Central Library | Central Library | First floor | 17/11/2016 | Purchase | 950.00 | 25846 | 658.16 DEP | 000034494 | 15/07/2025 | 1187.50 | Book - Borrowing |